Escenografía: Escenotecnia, Iluminación.

Gardado en:
Detalles Bibliográficos
Autor Principal: Calmet, Héctor (autor)
Outros autores: Boero, Alejandra (prólogo)
Formato: Libro
Publicado: Buenos Aires, Argentina: Ediciones de la Flor, 2008.
Edición:Tercera edición.
Series:Manuales.
Subjects:
Tags: Engadir etiqueta
Sen Etiquetas, Sexa o primeiro en etiquetar este rexistro!

MARC

LEADER 00000nam a22000007a 4500
003 CL-VaPUC
005 20250407202452.0
008 250318t2008 ||||| |||| 00| 0 eng d
999 |c 447446  |d 447444 
020 |a 978-950-515-260-5 
040 |c Pontificia Universidad Católica de Valparaíso 
082 |a 792.025 CAL 2008 
100 |9 897089  |a Calmet, Héctor  |e autor 
245 |a Escenografía:  |b Escenotecnia, Iluminación. 
250 |a Tercera edición. 
260 |a Buenos Aires, Argentina:  |b Ediciones de la Flor,  |c 2008. 
300 |a 302 páginas:  |b ilustraciones. 
490 |a Manuales. 
500 |a c.1. Instituto Arcos.08-01-2025. 
583 |c 20250318  |k Gabriela Rodríguez Cuevas 
650 0 |9 265385  |a Teatro  |x Puesta en escena y escenografía 
650 0 |9 265385  |a Teatro  |x Iluminación 
650 0 |9 881919  |a Espacio escénico 
700 |9 897090  |a Boero, Alejandra  |e prólogo 
942 |2 ddc  |c BK  |n 0 
952 |0 0  |1 0  |2 ddc  |4 0  |6 792_025000000000000_CAL_2008  |7 0  |8 A  |9 601482  |a BIBINC  |b BIBINC  |d 2025-03-18  |e Instituto Arcos  |i 5666334  |o 792.025 CAL 2008  |p 5666334  |r 2025-03-18  |t 1  |w 2025-03-18  |y BK  |k IFP